Exhibitionism / (Record no. 44715)
[ view plain ]
| 000 -LEADER | |
|---|---|
| fixed length control field | 00870cam a2200313 a 4500 |
| 001 - CONTROL NUMBER | |
| control field | .b34774385 |
| 003 - CONTROL NUMBER IDENTIFIER | |
| control field | OCoLC |
| 005 - DATE AND TIME OF LATEST TRANSACTION | |
| control field | 20181120112357.0 |
| 008 - FIXED-LENGTH DATA ELEMENTS--GENERAL INFORMATION | |
| fixed length control field | 020805s2001 enk b 000 0 eng |
| 015 ## - NATIONAL BIBLIOGRAPHY NUMBER | |
| National bibliography number | GBA1-V6339 |
| 020 ## - INTERNATIONAL STANDARD BOOK NUMBER | |
| International Standard Book Number | 1840462752 |
| 020 ## - INTERNATIONAL STANDARD BOOK NUMBER | |
| International Standard Book Number | 9781840462753 |
| 035 ## - SYSTEM CONTROL NUMBER | |
| System control number | (OCoLC)47939368 |
| 040 ## - CATALOGING SOURCE | |
| Original cataloging agency | UKM |
| Transcribing agency | UKM |
| Modifying agency | EMU |
| -- | OCLCQ |
| -- | BAKER |
| -- | YDXCP |
| 042 ## - AUTHENTICATION CODE | |
| Authentication code | nbic |
| 100 1# - MAIN ENTRY--PERSONAL NAME | |
| Personal name | Kahr, Brett. |
| 245 10 - TITLE STATEMENT | |
| Title | Exhibitionism / |
| Statement of responsibility, etc | Brett Kahr. |
| 260 ## - PUBLICATION, DISTRIBUTION, ETC. (IMPRINT) | |
| Place of publication, distribution, etc | Cambridge : |
| Name of publisher, distributor, etc | Icon ; |
| Place of publication, distribution, etc | New York : |
| Name of publisher, distributor, etc | Totem, |
| Date of publication, distribution, etc | c2001. |
| 300 ## - PHYSICAL DESCRIPTION | |
| Extent | 80 p. ; |
| Dimensions | 18 cm. |
| 336 ## - CONTENT TYPE | |
| Content Type Term | text |
| 337 ## - MEDIA TYPE | |
| Media Type Term | unmediated |
| 338 ## - CARRIER TYPE | |
| Carrier Type Term | volume |
| 440 #0 - SERIES STATEMENT/ADDED ENTRY--TITLE | |
| Title | Ideas in psychoanalysis. |
| 500 ## - GENERAL NOTE | |
| General note | 國科會補助人文及社會科學硏究圖書計畫(3297200) |
| 504 ## - BIBLIOGRAPHY, ETC. NOTE | |
| Bibliography, etc | Includes bibliographical references. |
| 650 #0 - SUBJECT ADDED ENTRY--TOPICAL TERM | |
| Topical term or geographic name as entry element | Exhibitionism. |
| 650 #0 - SUBJECT ADDED ENTRY--TOPICAL TERM | |
| Topical term or geographic name as entry element | Psychoanalysis. |
| 942 ## - ADDED ENTRY ELEMENTS (KOHA) | |
| Source of classification or shelving scheme | Library of Congress Classification |
| Item type | Books |
| Withdrawn status | Lost status | Source of classification or shelving scheme | Damaged status | Not for loan | Home library | Current library | Shelving location | Date acquired | Source of acquisition | Inventory number | Total Checkouts | Full call number | Barcode | Date last seen | Price effective from | Koha item type |
|---|---|---|---|---|---|---|---|---|---|---|---|---|---|---|---|---|
| Library of Congress Classification | BSOP Library | BSOP Library | Dr. Kirwan's Office | 11/20/2018 | Dr. Kirwan Collection | 43912 | RC560 K12 2001 | 00054912 | 11/20/2018 | 11/20/2018 | Books |
